Jeux vidéo les plus vendus au Japon - Statistiques

Statistiques générales
  • Ce quiz a été pris 69 fois
    10 depuis la dernière actualisation
  • Le résultat moyen est 17 sur 50
Statistiques - réponses
Console Nombre de ventes Réponse % Correct
GB 7 300 000 Pokémon Or - Argent
78%
GB 10 230 000 Pokémon Rouge - Bleu - Vert
78%
3DS 4 560 000 Pokémon X - Y
78%
Switch 9 050 000 Mario Kart 8 Deluxe
67%
NDS 5 540 000 Pokémon Noir - Blanc
67%
Switch 3 890 000 The Legend of Zelda : Breath of the Wild
67%
NDS 5 850 000 Pokémon Diamant - Perle
56%
Switch 8 660 000 Pokémon Ecarlate - Violet
56%
Switch 5 950 000 Pokémon Epée - Bouclier
56%
GBA 5 400 000 Pokémon Rubis - Saphir
56%
3DS 3 940 000 Pokémon Soleil - Lune
56%
NES 6 810 000 Super Mario Bros.
56%
Switch 3 490 000 Super Mario Odyssey
56%
Switch 8 060 000 Super Smash Bros. Ultimate
56%
Wii 3 800 000 Wii Sports
56%
PS1 4 100 000 Final Fantasy VII
44%
PS1 3 700 000 Final Fantasy VIII
44%
NDS 4 020 000 Mario Kart DS
44%
NDS 6 490 000 New Super Mario Bros.
44%
Switch 3 920 000 The Legend of Zelda : Tears of the Kingdom
44%
Switch 11 910 000 Animal Crossing : New Horizons
33%
3DS 5 950 000 Animal Crossing : New Leaf
33%
NES 3 800 000 Dragon Quest III
33%
PS1 4 100 000 Dragon Quest VII
33%
Switch 3 640 000 Légendes Pokémon : Arceus
33%
Wii 3 850 000 Mario Kart Wii
33%
Switch 3 900 000 Minecraft
33%
3DS 3 470 000 Pokémon Rubis Omega - Saphir Alpha
33%
NES 3 840 000 Super Mario Bros. 3
33%
GB 4 240 000 Tetris
33%
NDS 4 400 000 Dragon Quest IX
22%
PS2 3 800 000 Dragon Quest VIII
22%
Wii 4 670 000 New Super Mario Bros. Wii
22%
NDS 3 970 000 Pokémon Heart Gold - Soul Silver
22%
SNES 3 820 000 Super Mario Kart
22%
GB 4 190 000 Super Mario Land
22%
NDS 5 350 000 Animal Crossing : Wild World
11%
Switch 3 870 000 Pokémon Diamant Etincelant - Perle Scintillante
11%
NDS 3 960 000 Programme d'entraînement cérébral du Dr Kawashima
11%
SNES 3 550 000 Super Mario World
11%
Switch 4 000 000 Momotaro Dentetsu : Showa, Heisei, Reiwa mo Teiban
0%
3DS 4 100 000 Monster Hunter 4
0%
PSP 5 300 000 Monster Hunter Freedom 3
0%
PSP 4 210 000 Monster Hunter Freedom Unite
0%
NDS 5 100 000 Programme d'entraînement cérébral avancé du Dr Kawashima
0%
Switch 4 090 000 Ring Fit Adventure
0%
Switch 5 260 000 Splatoon 2
0%
Switch 7 090 000 Splatoon 3
0%
NDS 3 760 000 Tomodachi Collection
0%
Wii 3 610 000 Wii Fit
0%
Aucun quiz correspondant
Distribution des résultats
% des personnes avec chaque résultat
Percentile par nombre de réponses
Votre historique - résultats
Vous n’avez pas pris ce quiz depuis la dernière actualisation